Loading...
Science - Biology | 0 | 5 | 1 | 0 | 45 | 26 | 40.40 | 4 | 5 |
Mythology | 0 | 4 | 0 | 2 | 40 | 122 | 128.75 | 0 | 0 |
History - European History | 0 | 4 | 0 | 0 | 40 | 81 | 91.75 | 0 | 2 |
History - Other History | 0 | 4 | 1 | 0 | 35 | 49 | 65.25 | 1 | 4 |
Science - Chemistry | 0 | 4 | 1 | 1 | 35 | 34 | 61.75 | 2 | 2 |
Fine Arts - Visual Fine Arts | 0 | 3 | 0 | 0 | 30 | 60 | 79.33 | 1 | 3 |
History - World History | 0 | 3 | 0 | 0 | 30 | 67 | 70.00 | 0 | 1 |
Science - Other Science | 0 | 3 | 0 | 0 | 30 | 78 | 103.00 | 0 | 1 |
Science - Physics | 0 | 3 | 0 | 0 | 30 | 44 | 49.00 | 0 | 2 |
Philosophy | 0 | 2 | 0 | 2 | 20 | 111 | 115.50 | 0 | 0 |
History - American History | 0 | 2 | 1 | 1 | 15 | 52 | 78.00 | 1 | 1 |
Religion | 0 | 1 | 1 | 0 | 5 | 85 | 85.00 | 0 | 0 |